02735nam a2200397uu 450000100070000000500170000700700100002400800410003403500110007504000130008604100080009908000090010708200080011610000490012424501260017326000350029930000130033452012980034765000180164565000260166365000170168965000290170665000270173565000210176265000560178365000610183965000120190065000320191265000340194470000450197870000470202370000410207070000400211170000460215150001400219799711320260507073238.0co|||||||061009e20061009 spa  a997113 ccomduadb aspa aV/CD 4a30610aBarrera Velasquez, Andres Mauricio4auteaut10aPracticas y concepciones de la crianza humanizada en adultos significativos de las comunas 1 y 2 de la ciudad de Medellin aMedellín :bAutor(a),c2006. a1 CD-ROM3 aDesde el estructural funcionalismo de Talcott Parsons la familia es un subsistema esencial de la sociedad donde se llevan a cabo importantes procesos como la socialización infantil, la enculturación y la estabilización emocional de los adultos, otorgándole un papel relevante en la preservación del orden social. Dichos procesos se dan a través de la crianza, que constituye cada una de las pautas y orientaciones que los padres y/o los adultos significativos ofrecen a los niños/as dentro del entorno familiar. Aunque las formas de crianza son tan múltiples como los tipos de familias, éste documento se centra en la crianza humanizada, definiéndola como el proceso en el que la familia hace un aporte significativo a partir de las características propias de cada uno de sus integrantes, para formar un ser social íntegro y con comportamientos concordantes con el medio sociocultural en el que se desarrolla, además, pretende dar cuenta de las prácticas y concepciones que sobre el tema tienen los adultos significativos de las Comunas 1 y 2 de la Ciudad de Medellín. Para analizar la temática abordada se acudió a la sociología de familia en su perspectiva funcionalista y a los lineamientos legales sobre niñez tanto internacionales como nacionales. 7aFamilia2lemb 7aSocialización2lemb aOrden social 7aCrianza de niños2lemb aOrientación familiar aTipos de familia aComuna 1, Popular, Medellín (Antioquia, Colombia) aComuna 2, Santa Cruz - Medellín (Antioquia, Colombia) aNiñez aParsons, Talcott, 1902-1979 7aEducación en el hogar2lemb10aVanegas Ochoa, Angela Patricia4auteaut10aBarrera Urrego, Claudia Patricia4auteaut10aGaviria Correa, Juan Pablo4auteaut10aOssa Ramirez, Marbin Rosa4auteaut10aRodriguez Jimenez, Alba Marlene4thseths aTesis (Maestria en Problemas Sociales Contemporaneos, Emergencias y Desastres ). Universidad de Antioquia - Título del grado otorgado